Statistiques concernant Trouve le Roux

Cliquez ici pour prendre le quiz!

Statistiques générales

  • Ce quiz a été pris 38 fois
  • Le résultat moyen est 10 sur 25

Statistiques - réponses

HintRéponse% Correct
Est tombé dedans quand il était petitObelix
92%
Chanteur à l'origine des albums: +, x, ÷Ed Sheeran
89%
Félin amateur de lasagneGarfield
81%
Peintre néerlandais mort a Auvers-sur-OiseVincent Van Gogh
69%
Meilleur passeur de l'histoire de Manchester CityKevin de Bruyne
58%
Irlandais bagarreur, s'illustrant à l'UFCConor McGregor
56%
Frère de FerbPhinéas Flynn
53%
Plus jeune des filles du Roi TritonAriel
50%
Chanteuse françaiseMylene Farmer
50%
Acteur interprétant le rôle de Ron WeasleyRupert Grint
47%
Championne d’arène d'Azuria et acolyte de SachaOndine
44%
A un rat dans sa toqueAlfredo Linguini
39%
Nain ami de LegolasGimli
36%
Rappeuse du Bronx connue pour ses titres Munch, Bikini Bottom ou encore
pour son énorme pétard
Ice Spice
36%
Fille aînée de la fratrie Stark et future Reine du NordSansa Stark
36%
Ninja du village de Suna qui a faillit tuer Rock Lee pendant l'examen ChuninGaara
33%
Qui selon la légende a compté jusqu'à l'infini deux foisChuck Norris
28%
Jack Dawson lui a appris a cracherRose DeWitt-Bukater
25%
Emma PierreEmma Stone
22%
Pirate vénale, fait saigner le nez du cuisinier de l'équipageNami
22%
A abandonné la couronne pour une femme (meme pas belle en plus)Prince Harry
22%
Ami juif d'Eric CartmanKyle Broflovski
14%
Ex livreur de pizza accidentellement congelé pour 1000 ansFry
11%
Héroïne d'Horizon Zero Dawn, son prénom signifie "alliage" en anglaisAloy
8%
"Ne t'abandonnera jamais, ne te laissera jamais tomber" selon le refrainRick Astley
8%

Distribution des résultats

Percentile par nombre de réponses

% des personnes avec chaque résultat

Votre développement - résultats

Vous n’avez pas pris ce quiz